000
00228nmm a2200085Ia 4500
008
220120s9999||||xx |||||||||||||||||und||
100
_a
EFY-APRIL-2009
_9
11140
245
0
_a
Design & Simulation :utilities, fun stuff,
260
_c
2009
999
_c
139385
_d
139385